Evaluación de nuevas alternativas de frutales de nuez y mejoramiento de la productividad en nogal y calidad de las nueces en predios de pequeños productores de la V Región
I tiakina i:
| Ngā kaituhi rangatōpū: | , |
|---|---|
| Hōputu: | Pukapuka |
| Reo: | Pāniora |
| I whakaputaina: |
Santiago
INIA
2001
|
| Rangatū: | Serie Actas, 7
|
| Ngā marau: | |
| Ngā Tūtohu: |
Tāpirihia he Tūtohu
Kāore He Tūtohu, Me noho koe te mea tuatahi ki te tūtohu i tēnei pūkete!
|
MARC
| LEADER | 00000nam a2200000 a 4500 | ||
|---|---|---|---|
| 001 | UCG2051 | ||
| 003 | CL-VaPUC | ||
| 008 | 100610e20010328CL |||||||||||||||||spa|d | ||
| 082 | 0 | 4 | |a 634.51 |b INI |2 21 |
| 110 | 2 | |a INIA La Platina |e author |9 550275 | |
| 710 | 2 | |a FIA |e author |9 550276 | |
| 245 | 1 | 0 | |a Evaluación de nuevas alternativas de frutales de nuez y mejoramiento de la productividad en nogal y calidad de las nueces en predios de pequeños productores de la V Región |
| 246 | 1 | 0 | |a Frutales de nuez no tradicionales: Macadamia, Pistacho, Pecano, Avellano Europeo |
| 300 | |a 101 p | ||
| 942 | |c BK | ||
| 945 | |d 20100610 00:00:00 |a dcastane | ||
| 260 | |a Santiago |b INIA |c 2001 | ||
| 650 | 7 | |a FRUTALES DE NUEZ |2 CL-VaPUC |9 550277 | |
| 650 | 7 | |a MACADAMIA |2 CL-VaPUC |9 473959 | |
| 650 | 0 | |a Pistacho |9 325349 | |
| 650 | 7 | |a PECANO |2 CL-VaPUC |9 473960 | |
| 650 | 7 | |a AVELLANO EUROPEO |2 CL-VaPUC |9 550278 | |
| 583 | |a last modification |c 20100610 00:00:00 |k Rodrigo Vera | ||
| 490 | 0 | |a Serie Actas, 7 | |
| 999 | |c 341292 |d 341290 | ||
| 952 | |0 0 |1 0 |4 0 |6 634_510000000000000_INI_2001 |7 0 |8 A |9 436670 |a BIBAGR |b BIBAGR |d 2019-11-22 |i 4684249 |o 634.51 INI 2001 |p 4684249 |r 2025-01-20 |w 2019-11-22 |y BK |k AGR | ||